Tilastot visalle Suomen pitkäaikaisimmat ministerit puolueittain

Klikkaa tästä pelataksesi tätä visaa!

Yleistilastot

  • Tätä visaa on pelattu 86 kertaa
    (6 viimeisimmän päivityksen jälkeen)
  • Keskiarvotulos 21 / 36

Vastaustilastot

PuolueMinisteriMinisteripäiviä% Oikein
PerussuomalaisetTimo Soini746
100%
PerussuomalaisetJussi Niinistö746
100%
KokoomusAlexander Stubb3002
100%
KokoomusSauli Niinistö2927
100%
Maalaisliitto, KeskustaJohannes Virolainen6169
80%
VihreätVille Niinistö1193
80%
Maalaisliitto, KeskustaMauri Pekkarinen4438
80%
SDPKalevi Sorsa4793
80%
SDPErkki Tuomioja4365
80%
VasemmistoliittoSuvi-Anne Siimes1687
80%
Maalaisliitto, KeskustaPaavo Väyrynen5997
80%
RKPChristoffer Taxell4037
60%
RKPJan-Erik Enestam4382
60%
VasemmistoliittoPaavo Arhinmäki1018
60%
VasemmistoliittoClaes Anderson1241
60%
VihreätHeidi Hautala849
60%
VihreätSatu Hassi1143
60%
VihreätTuija Brax1526
60%
KokoomusPaula Risikko3557
60%
Maalaisliitto, KeskustaAhti Karjalainen5772
60%
VihreätPekka Haavisto2486
60%
SDPTarja Halonen3238
60%
SDPKarl August Fagerholm3474
60%
VasemmistoliittoMartti Korhonen1464
40%
VasemmistoliittoTerttu Huttu-Juntunen1464
40%
VasemmistoliittoMerja Kyllönen1018
40%
KokoomusIlkka Kanerva3258
40%
RKPOle Norrback4369
40%
PerussuomalaisetJari Lindström746
40%
KokoomusPertti Salolainen2906
40%
RKPRalf Törngren4246
20%
SDPSinikka Mönkäre3817
20%
RKPRolf Witting2509
20%
Maalaisliitto, KeskustaMartti Miettunen4316
20%
PerussuomalaisetHanna Mäntylä455
20%
PerussuomalaisetPirkko Mattila292
20%

Tulosjakauma

Persentiili vastausten määrän mukaan

Jokaisen tuloksen saaneiden osuus

Tuloshistoriasi

Et ole pelannut tätä visaa sen viimeisimmän päivityksen jälkeen